Índice de la legislación hipotecaria de España e islas adyacentes y su reglamento... / (Record no. 20407)

MARC details
000 -LEADER
campo de control de longitud fija 00774nam a2200193 i 4500
001 - NÚMERO DE CONTROL
campo de control 20407
003 - IDENTIFICADOR DE NÚMERO DE CONTROL
campo de control ES-MaACL
005 - FECHA Y HORA DE LA ÚLTIMA TRANSACCIÓN
campo de control 20250907063035.0
007 - CAMPO FIJO DE DESCRIPCIÓN FÍSICA--INFORMACIÓN GENERAL
campo de control de longitud fija t|
008 - DATOS DE LONGITUD FIJA--INFORMACIÓN GENERAL
campo de control de longitud fija 021112s1897 sp |||| | spa d
100 1# - ENTRADA PRINCIPAL--NOMBRE DE PERSONA
Nombre de persona Agulló y Prats, Buenaventura,
Fechas asociadas al nombre 1846-1907
9 (RLIN) 18904
245 10 - MENCIÓN DEL TÍTULO
Título Índice de la legislación hipotecaria de España e islas adyacentes y su reglamento... /
Mención de responsabilidad, etc. por Buenaventura Agulló y Prats.
260 ## - PUBLICACIÓN, DISTRIBUCIÓN, ETC.
Lugar de publicación, distribución, etc. Barcelona :
Nombre del editor, distribuidor, etc. [s.n.],
Fecha de publicación, distribución, etc. 1897 (
Fabricante Imp. de Henrich y Cª)
300 ## - DESCRIPCIÓN FÍSICA
Extensión 246 p. ;
Dimensiones 19 cm.
500 ## - NOTA GENERAL
Nota general Contiene: Primer apéndice, que comprende desde 1 enero 1889 hasta fin de diciembre de 1896... con un suplemento hasta junio de 1897.
650 #4 - PUNTO DE ACCESO ADICIONAL DE MATERIA--TÉRMINO DE MATERIA
Término de materia o nombre geográfico como elemento de entrada Hipotecas-
Subdivisión geográfica España.
9 (RLIN) 13364
852 ## - LOCALIZACIÓN
Ubicación ES-MaACL
Número de control de estantería T-1093-F-3
Holdings
Estatus retirado Estado de pérdida Estado de daño No para préstamo Colección Biblioteca de origen Biblioteca actual Ubicación en estantería Fecha de adquisición Fuente de adquisición Total de préstamos Signatura topográfica completa Código de barras Visto por última vez Precio de reemplazo Tipo de ítem Koha
        Colección de folletos Biblioteca del Ateneo de Madrid Biblioteca del Ateneo de Madrid Depósito folletos 17/01/2008     T-1093-F-3 1020934 23/02/2023 23/02/2023 Folleto